Statistiques concernant 100 Personnages de la saga Harry Potter

Cliquez ici pour prendre le quiz!

Statistiques générales

  • Ce quiz a été pris 393,002 fois
    (392,949 depuis la dernière actualisation)
  • Le résultat moyen est 51 sur 100

Statistiques - réponses

Hint Answer % Correct
1Harry Potter
100%
3Hermione Granger
99%
2Ron Weasley
99%
4Albus Dumbledore
96%
6Severus Rogue
94%
12Lord Voldemort
94%
11Drago Malefoy
92%
25Fred Weasley
91%
5Rubeus Hagrid
90%
7Minerva McGonagall
90%
9Ginny Weasley
89%
13Sirius Black
89%
26George Weasley
89%
10Luna Lovegood
87%
16Remus Lupin
87%
17James Potter
87%
8Neville Londubat
86%
18Lily Potter
85%
29Lucius Malefoy
84%
14Bellatrix Lestrange
84%
20Molly Weasley
82%
19Arthur Weasley
79%
39Cho Chang
79%
34Fleur Delacour
79%
15Dobby
77%
36Bill Weasley
76%
58Cédric Diggory
75%
22Dolores Ombrage
72%
23Peter Pettigrow
72%
38Percy Weasley
71%
37Charlie Weasley
68%
32Viktor Krum
67%
30Narcissa Malefoy
65%
21Nymphadora Tonks
65%
24Alastor Maugrey
62%
68Dudley Dursley
59%
70Pétunia Dursley
58%
98Salazar Serpentard
58%
97Godric Gryffondor
56%
64Gregory Goyle
56%
99Rowena Serdaigle
55%
54Hedwige
55%
40Dean Thomas
54%
69Vernon Dursley
53%
41Seamus Finnigan
53%
45Pomona Chourave
53%
42Filius Flitwick
52%
63Vincent Crabbe
52%
100Helga Poufsouffle
50%
51Gilderoy Lockhart
46%
48Nick Quasi Sans Tête
46%
78Quirinus Quirell
46%
46Lavande Brown
46%
55Buck
44%
43Renée Bibine
43%
27Mimi Geignarde
43%
53Nagini
42%
82Argus Rusard
42%
72Cornelius Fudge
41%
31Horace Slughorn
39%
94Parvati Patil
39%
93Padma Patil
38%
83Sibylle Trelawney
37%
50Peeves
36%
49Le Baron Sanglant
35%
44Poppy Pomfresh
35%
65Olivier Dubois
34%
35Olympe Maxime
33%
33Igor Karkaroff
33%
56Pattenrond
33%
74Bartemius Croupton
31%
76Fenrir Greyback
30%
60Pansy Parkinson
30%
52Garrick Ollivander
29%
28Xenophilius Lovegood
27%
57La Grosse Dame
27%
66Colin Crivey
25%
81Gellert Grindelwald
24%
47Angelina Johnson
24%
59Amos Diggory
24%
79Rita Sketer
23%
67Abelforth Dumbledore
22%
73Kingsley Shacklebolt
22%
75Rufus Scrimgeour
17%
85Graup
17%
92Lee Jordan
17%
71Mondingus Fletcher
16%
80Bathilda Tourdesac
16%
84Firenze
16%
91Cormac McLaggen
14%
88Cuthbert Binns
13%
77Antonin Dolohov
13%
62Alecto Carrow
13%
95Elvis Gaunt
11%
61Amycus Carrow
11%
90Arabella Figg
10%
96Ignotus Peverell
10%
89Phineas Black
8%
87Elphias Doge
8%
86Stanley Rocade
8%

Distribution des résultats

Percentile par nombre de réponses

% des personnes avec chaque résultat

Votre développement - résultats

Vous n’avez pas pris ce quiz depuis la dernière actualisation